Abraham's dice : (Record no. 10169)

MARC details
000 -LEADER
fixed length control field 01183cam a2200337 i 4500
001 - CONTROL NUMBER
control field 18653339
003 - CONTROL NUMBER IDENTIFIER
control field GBCCL
005 - DATE AND TIME OF LATEST TRANSACTION
control field 20241126110726.0
008 - FIXED-LENGTH DATA ELEMENTS--GENERAL INFORMATION
fixed length control field 150610s2016 nyu b 001 0 eng
010 ## -
-- 2015023139
020 ## - INTERNATIONAL STANDARD BOOK NUMBER
International Standard Book Number 9780190277161 (pbk. : alk. paper)
020 ## - INTERNATIONAL STANDARD BOOK NUMBER
International Standard Book Number 9780190277154 (cloth : alk. paper)
040 ## - CATALOGING SOURCE
Original cataloging agency DLC
Language of cataloging eng
Transcribing agency DLC
Description conventions rda
Modifying agency DLC
042 ## -
-- pcc
050 00 -
-- BD595
-- .A27 2016
082 00 - DEWEY DECIMAL CLASSIFICATION NUMBER
Classification number 123
Edition information 23
Item number GIB
245 00 - TITLE STATEMENT
Title Abraham's dice :
Remainder of title chance and providence in the monotheistic traditions /
Statement of responsibility, etc. edited By Karl W. Giberson.
264 #1 - PRODUCTION, PUBLICATION, DISTRIBUTION, MANUFACTURE, AND COPYRIGHT NOTICE
Place of production, publication, distribution, manufacture New York, NY :
Name of producer, publisher, distributor, manufacturer Oxford University Press,
Date of production, publication, distribution, manufacture, or copyright notice [2016]
300 ## - PHYSICAL DESCRIPTION
Extent xiv, 358 pages ;
Dimensions 25 cm
336 ## - CONTENT TYPE
Content type term text
Source rdacontent
337 ## - MEDIA TYPE
Media type term unmediated
Source rdamedia
338 ## - CARRIER TYPE
Carrier type term volume
Source rdacarrier
504 ## - BIBLIOGRAPHY, ETC. NOTE
Bibliography, etc. note Includes bibliographical references and index.
650 #0 - SUBJECT ADDED ENTRY--TOPICAL TERM
Topical term or geographic name entry element Chance.
9 (RLIN) 17651
650 #0 - SUBJECT ADDED ENTRY--TOPICAL TERM
Topical term or geographic name entry element Providence and government of God.
9 (RLIN) 4757
650 #0 - SUBJECT ADDED ENTRY--TOPICAL TERM
Topical term or geographic name entry element Abrahamic religions.
9 (RLIN) 17482
700 1# - ADDED ENTRY--PERSONAL NAME
Personal name Giberson, Karl,
Relator term editor.
9 (RLIN) 17652
906 ## - LOCAL DATA ELEMENT F, LDF (RLIN)
a 7
b cbc
c orignew
d 1
e ecip
f 20
g y-gencatlg
942 ## - ADDED ENTRY ELEMENTS (KOHA)
Source of classification or shelving scheme Dewey Decimal Classification
Koha item type Books
Holdings
Withdrawn status Lost status Source of classification or shelving scheme Damaged status Not for loan Home library Current Library Shelving location Date acquired Total checkouts Full call number Barcode Date last seen Copy number Price effective from Koha item type
    Dewey Decimal Classification     GRACE BIBLE COLLEGE GRACE BIBLE COLLEGE Philosophy and Religion 2024-04-10   123 GIB 016715 2025-05-01 c.1 2024-04-10 Books
© Grace Bible College Library 2025